00893nam a2200229 a 450000100100000000500170001000800410002702000150006804000250008308200170010810000260012524000250015124501610017626000320033730000210036965000420039065000210043270000410045391000370049495201150053199900170064600004014020201002033937.0130808s1979 sp 000 0 spa d a8425410584 aDO-SdBNPbspacBNPHU a262.8bD671a1 aDominian, Jack96641010aAuthoritylespañol13aLa autoridad :bInterpretación cristiana de la evolución psicológica del concepto de autoridad /cJack Dominian ; traducción Antonio Martínez Riu. aBarcelona :bHerder,c1979. a171 p. ;c22 cm. 4aAutoridadxAspectos religiosos966411 4aAutoridad96641212aMartínez Riu, Antonio,etr.966413 aValidado. Control de calidad MFF 001050718MOaGRbGRcHDd2013-08-08iLF1l0o262.8 D671ap40140-10r2020-06-25w2020-06-25y1ZNo se presta c39630d39630